Statistics for Country Flags with 4 Colors

Click here to take the quiz!

General Stats

  • This quiz has been taken 81 times
  • The average score is 18 of 46

Answer Stats

HintAnswer% Correct
AAfghanistan
58%
AAzerbaijan
54%
EEgypt
54%
ZZambia
52%
IIraq
50%
JJordan
50%
UUruguay
50%
BBrazil
46%
EEritrea
46%
EEthiopia
46%
KKuwait
44%
MMauritius
44%
UUzbekistan
44%
VVanuatu
44%
VVenezuela
44%
AArgentina
42%
DDjibouti
42%
GGambia
42%
IIndia
42%
KKenya
42%
SSudan
42%
UUnited Arab Emirates
42%
GGhana
40%
PPhilippines
40%
SSouth Korea
40%
BBhutan
38%
LLesotho
38%
TTajikistan
38%
BBrunei
35%
EEast Timor
35%
LLibya
35%
MMalaysia
35%
PPapua New Guinea
35%
GGuinea-Bissau
33%
LLiechtenstein
31%
SSyria
31%
CCambodia
29%
SSlovenia
29%
TTanzania
29%
TTogo
29%
MMyanmar
25%
SSt. Lucia
25%
SSolomon Islands
23%
SSuriname
23%
CCape Verde
17%
SSao Tome and Principe
13%

Score Distribution

Percentile by Number Answered

Percent of People with Each Score

Your Score History

You have not taken this quiz